Connected at Infinity II A Selection of Mathematics by Indians /

Bibliographic Details
Corporate Author: SpringerLink (Online service)
Other Authors: Bhatia, Rajendra (Editor), Rajan, C. S. (Editor), Singh, Ajit Iqbal (Editor)
Format: Electronic eBook
Language:English
Published: Gurgaon : Hindustan Book Agency : Imprint: Hindustan Book Agency, 2013.
Series:Texts and Readings in Mathematics, 67
Subjects:
Online Access:Full Text via HEAL-Link
LEADER 01527nam a22004215i 4500
001 978-93-86279-56-9
003 DE-He213
005 20170720083524.0
007 cr nn 008mamaa
008 170720s2013 xx | s |||| 0|eng d
020 |a 9789386279569  |9 978-93-86279-56-9 
024 7 |a 10.1007/978-93-86279-56-9  |2 doi 
040 |d GrThAP 
050 4 |a QA1-939 
072 7 |a PB  |2 bicssc 
072 7 |a MAT000000  |2 bisacsh 
082 0 4 |a 510  |2 23 
245 1 0 |a Connected at Infinity II  |h [electronic resource] :  |b A Selection of Mathematics by Indians /  |c edited by Rajendra Bhatia, C. S. Rajan, Ajit Iqbal Singh. 
264 1 |a Gurgaon :  |b Hindustan Book Agency :  |b Imprint: Hindustan Book Agency,  |c 2013. 
300 |a 194 p.  |b online resource. 
336 |a text  |b txt  |2 rdacontent 
337 |a computer  |b c  |2 rdamedia 
338 |a online resource  |b cr  |2 rdacarrier 
347 |a text file  |b PDF  |2 rda 
490 1 |a Texts and Readings in Mathematics,  |x 2366-8717 ;  |v 67 
650 0 |a Mathematics. 
650 1 4 |a Mathematics. 
650 2 4 |a Mathematics, general. 
700 1 |a Bhatia, Rajendra.  |e editor. 
700 1 |a Rajan, C. S.  |e editor. 
700 1 |a Singh, Ajit Iqbal.  |e editor. 
710 2 |a SpringerLink (Online service) 
773 0 |t Springer eBooks 
776 0 8 |i Printed edition:  |z 9789380250519 
830 0 |a Texts and Readings in Mathematics,  |x 2366-8717 ;  |v 67 
856 4 0 |u http://dx.doi.org/10.1007/978-93-86279-56-9  |z Full Text via HEAL-Link 
912 |a ZDB-2-SMA 
950 |a Mathematics and Statistics (Springer-11649)